| 000 | 01921cam a2200313 a 4500 | ||
|---|---|---|---|
| 001 | 4362 | ||
| 003 | FISKH | ||
| 005 | 20240812121326.0 | ||
| 008 | 960501s1995 nyua 000 1 eng | ||
| 010 | _a 96143477 | ||
| 020 | _a0151002177 | ||
| 040 |
_aDLC _cDLC _dDLC _beng |
||
| 050 | _aPR6029.R8 | ||
| 082 | _a823.912 | ||
| 100 | 1 |
_aOrwell, George, _d1903-1950. |
|
| 245 | 1 | 0 |
_aAnimal farm : _ba fairy story / _cGeorge Orwell ; pictures by Ralph Steadman. |
| 260 |
_aPhnom Penh : _bFootprints International School, _c2024. |
||
| 300 |
_a52 pages : _c21 cm |
||
| 520 | _aGeorge Orwell's classic satire of the Russian Revolution has become an intimate part of our contemporary culture, with its treatment of democratic, fascist, and socialist ideals through an animal fable. The animals of Mr. Jones' Manor Farm are overworked, mistreated, and desperately seeking a reprieve. In their quest to create an idyllic society where justice and equality reign, the animals of Manor Farm revolt against their human rulers, establishing the democratic Animal Farm under the credo, "All Animals Are Created Equal." Out of their cleverness, the pigs Napoleon, Squealer, and Snowball emerge as leaders of the new community. In a development of insidious familiarity, the pigs begin to assume ever greater amounts of power, while other animals, especially the faithful horse Boxer, assume more of the work. The climax of the story is the brutal betrayal of Boxer, when totalitarian rule is reestablished with the bloodstained postscript to the founding slogan: "But Some Animals Are More Equal than Others." | ||
| 650 | 0 |
_aDomestic animals _xFiction. |
|
| 650 | 0 |
_aTotalitarianism _xFiction. |
|
| 655 | 7 |
_aPolitical fiction. _2lcsh |
|
| 655 | 7 |
_aSatire. _2lcsh |
|
| 655 | 7 |
_aFables. _2gsafd |
|
| 700 | 1 | _aSteadman, Ralph. | |
| 906 |
_a7 _bcbc _corignew _d2 _encip _f19 _gy-gencatlg |
||
| 942 |
_2ddc _cBK _n0 |
||
| 999 |
_c4362 _d4362 |
||